បាបាប៉ាប៉ា : (Record no. 8315)
[ view plain ]
| 000 -LEADER | |
|---|---|
| fixed length control field | 02732nam a22002897a 4500 |
| 001 - CONTROL NUMBER | |
| control field | 8315 |
| 003 - CONTROL NUMBER IDENTIFIER | |
| control field | FISKH |
| 005 - DATE AND TIME OF LATEST TRANSACTION | |
| control field | 20250909084715.0 |
| 008 - FIXED-LENGTH DATA ELEMENTS--GENERAL INFORMATION | |
| fixed length control field | 250909b cb ||||| |||| 00| 0 eng d |
| 020 ## - INTERNATIONAL STANDARD BOOK NUMBER | |
| International Standard Book Number | 9789996345180 |
| 040 ## - CATALOGING SOURCE | |
| Original cataloging agency | FISKH |
| Language of cataloging | khr |
| Transcribing agency | FISKH |
| Modifying agency | FISKH |
| 050 ## - LIBRARY OF CONGRESS CALL NUMBER | |
| Classification number | PZ7 |
| 082 ## - DEWEY DECIMAL CLASSIFICATION NUMBER | |
| Classification number | 895.93 |
| 100 ## - MAIN ENTRY--PERSONAL NAME | |
| Personal name | Thayson, Annett |
| 245 ## - TITLE STATEMENT | |
| Title | បាបាប៉ាប៉ា : |
| Remainder of title | Barbapap / |
| Statement of responsibility, etc. | និពន្ធដោយ អានណែត ថាយសិន និងថែលើស ថែឡរ ប្រសម្រួលជាភាសាខ្មែរដោយ លោកស្រី ម៉ុង គីំណា |
| 260 ## - PUBLICATION, DISTRIBUTION, ETC. | |
| Place of publication, distribution, etc. | Phnom Penh : |
| Name of publisher, distributor, etc. | Open Books, |
| Date of publication, distribution, etc. | 2016. |
| 300 ## - PHYSICAL DESCRIPTION | |
| Extent | 34 pages : |
| Other physical details | color illustrations ; |
| Dimensions | 17 x 24 cm |
| 505 ## - FORMATTED CONTENTS NOTE | |
| Formatted contents note | G<br/> |
| 520 ## - SUMMARY, ETC. | |
| Summary, etc. | នៅដើមរឿង Barbapapa លូតចេញពីដីក្នុងសួនមួយ។ មនុស្សដំបូងភ័យខ្លាច ព្រោះគាត់មានរូបរាងប្លែក និងខុសពីគេ។ ដោយសារតែអារម្មណ៍ឯកោ គាត់បានចាប់ផ្តើមស្វែងរកមិត្តភក្តិ និងកន្លែងស្នាក់នៅ។ ក្នុងអំឡុងពេលនោះ Barbapapa បានបង្ហាញពីចិត្តល្អរបស់គាត់ ដោយជួយមនុស្ស និងសត្វតាមវិធីផ្សេងៗ ដូចជាក្លាយជារូបរាងប្រយោជន៍ដើម្បីជួយសង្គ្រោះពួកគេពីគ្រោះថ្នាក់។<br/><br/>ចុងក្រោយមនុស្សបានយល់ថា Barbapapa គឺជាមនុស្សសត្សាល្អ និងមានចិត្តអំណត់។ គាត់បានរកឃើញមិត្តភាព ការទទួលស្គាល់ និងក្រុមគ្រួសារ Barbapapa ដែលមានពណ៌ផ្សេងៗ និងអាចផ្លាស់ប្តូររាងដូចគាត់ផងដែរ។ |
| 520 ## - SUMMARY, ETC. | |
| Summary, etc. | At the beginning, Barbapapa suddenly grows from the ground in a garden. At first, people are frightened of him because he looks unusual and different. Feeling lonely, he searches for friends and a place where he belongs. Along the way, he proves his kindness by helping humans and animals in many ways — for example, saving people from danger by transforming into useful shapes. |
| 521 8# - TARGET AUDIENCE NOTE | |
| Target audience note | 380<br/> |
| Source | Lexile estimate<br/> |
| 521 8# - TARGET AUDIENCE NOTE | |
| Target audience note | G<br/> |
| Source | Raz-Plus <br/> |
| 650 ## - SUBJECT ADDED ENTRY--TOPICAL TERM | |
| Topical term or geographic name entry element | រូបរាង |
| 650 ## - SUBJECT ADDED ENTRY--TOPICAL TERM | |
| Topical term or geographic name entry element | Shape |
| 942 ## - ADDED ENTRY ELEMENTS (KOHA) | |
| Source of classification or shelving scheme | Dewey Decimal Classification |
| Koha item type | Khmer Books |
| Suppress in OPAC | No |
| Withdrawn status | Lost status | Source of classification or shelving scheme | Damaged status | Not for loan | Collection | Home library | Current library | Shelving location | Date acquired | Total Checkouts | Full call number | Barcode | Date last seen | Copy number | Price effective from | Koha item type |
|---|---|---|---|---|---|---|---|---|---|---|---|---|---|---|---|---|
| Dewey Decimal Classification | Khmer Language Books / សៀវភៅភាសាខ្មែរ | Footprints International School Library Network Toul Kork Campus | Footprints International School Library Network Toul Kork Campus | TK Old Khmer Books (Rear Hallway Shelf 3) | 09/09/2025 | THA 895.93 PZ7 | 2025-4394 | 09/09/2025 | 1 | 09/09/2025 | Khmer Books |
